[Event "Bundesliga 0304"]
[Site "Germany"]
[Date "2004.04.24"]
[Round "14.2"]
[White "Berndt, Stephan"]
[Black "Hickl, Joerg"]
[Result "0-1"]
[WhiteElo "2462"]
[BlackElo "2562"]
[Annotator "Erenburg,S"]
[PlyCount "100"]
[EventDate "2003.11.01"]
[EventType "team-tourn"]
[EventRounds "15"]
[EventCountry "GER"]
[SourceTitle "CBM 101"]
[Source "ChessBase"]
[SourceDate "2004.07.27"]
[SourceVersion "1"]
[SourceVersionDate "2004.07.27"]
[SourceQuality "1"]
[WhiteTeam "Neukoelln"]
[BlackTeam "Hofheim"]
[WhiteTeamCountry "GER"]
[BlackTeamCountry "GER"]

1. e4 g6 2. d4 d6 3. Nc3 c6 4. f4 d5 5. e5 {increasing space advantage. On the
other hand, black gets some important light squares. White has the following
alternatives:} (5. Nf3 $5 {1/2-1/2 Jakovenko,D-Akopian,V/Ekaterinburg 2002/CBM
90/[Finkel,A] (58)}) (5. h3 $5 {1-0 Plaskett,J-McNab,C/Southend 1999/CBM 71/
[Finkel,A] (33)}) 5... h5 6. Nf3 Qb6 {making some problems for white to
develop the queenside pieces. Black tried also} (6... Nh6 {1-0 Karjakin,
S-Kotsur,P/Chalkidiki 2002/CBM 92/[Avrukh,B] (31)}) (6... Bg4 7. h3 Bxf3 8.
Qxf3 h4 9. Bd3 e6 10. Be3 Nh6 11. O-O Nd7 12. Ne2 Nf5 13. Bf2 a5 14. b3 a4 15.
c4 $14 {1-0 Almasi,Z-Hickl,J/Austria 2002/EXT 2003 (59)}) 7. Na4 Qa5+ 8. c3 Bg4
9. Nc5 Qc7 10. Be3 $146 {According to my database, this position appeared for
the first time. In the previous game white continued with more principal} (10.
e6 f5 11. Qe2 Bg7 12. Qe3 Bxf3 13. gxf3 b6 14. Nd3 Qd6 15. Rg1 Rh6 16. Bd2 Na6
17. O-O-O Nc7 18. Re1 $14 {1-0 Bakre,T-McNab,C/York 2000/CBM 79 ext (37)})
10... e6 11. Nb3 (11. b4 {comes to consideration.}) 11... Nd7 12. h3 Bxf3 13.
Qxf3 h4 {freezing white's kingside pawns, thus, preventing from white to
develop an intiative there.} 14. Bd3 Be7 15. O-O Nh6 {transfering the knight
to f5.} 16. Rfc1 {White concentrates his pieces towards the center with idea
to explose the centre with the breakthrough c3-c4.} Kf8 {In such type of
positions black usually doesn't castle, but transfers the king to g7 and keeps
the rooks on the "h" file, that will protect h4 pawn.} 17. Qe2 (17. c4 dxc4 18.
Rxc4 Nb6 {and black gets another outpost d5.}) 17... Kg7 18. Nd2 Nf5 19. Bf2 f6
$1 {[%mdl 32] In this way, black tries to solve the problem of lack of space.}
20. c4 $1 {The most principal continuation and the most logical one. White has
a space advantage and his pieces are located more active, therefore, he opens
up the game.} (20. exf6+ Nxf6 21. Qxe6 Rae8 22. Bxf5 (22. Qe2 Ba3 $19) 22...
Bd6 $17) (20. Nf3 fxe5 21. fxe5 Raf8 {with approximately equal chances.}) 20...
fxe5 21. Bxf5 $6 {Inaccuracy, which allows black to build strong centre.} (21.
cxd5 exd5 (21... exd4 22. Bxf5 gxf5 23. dxc6 $18) (21... Nxd4 22. Bxd4 exd4 23.
Qe4 $16) 22. dxe5 Nf8 23. Qg4 Nh6 24. Qf3 Ne6 25. Nb3 Rhf8 26. Nd4 Qd7 $13)
21... exf5 (21... gxf5 22. cxd5 (22. dxe5 Nb6) 22... e4 23. dxc6 (23. dxe6 Nf6)
23... bxc6 24. Be3 $13) 22. cxd5 $6 {After this move white gets worse position.
} (22. dxe5 Nb6 23. c5 Nd7 24. Bd4 Nf8 {and black is again OK.}) 22... e4 $1
23. dxc6 bxc6 24. d5 Qxf4 $15 {Black is better, thanks to vulnerable position
of white monarch. His plan should be activization of his pieces- transfer of
knight to d3 and building Q+B battery along the b8-h2 diagonal.} 25. dxc6 Nf6
26. Nf1 (26. Rc2 {doesn't change an evaluation of position:} Rhd8 27. Be3 Qc7
$15) 26... Rhd8 27. Rd1 Qc7 28. Qc4 (28. Bxh4 Qxc6 $15) (28. Rac1 Nh5 $36)
28... Nh5 ({Even stronger was} 28... Nd7 $1 29. Bd4+ Ne5 $36 {[%cal Ye7f6]})
29. Rac1 Bg5 30. Rb1 (30. Bd4+ Kh6 31. Ne3 Nf4 32. Rc2 Nd3 $36) 30... Nf4 31.
Ne3 ({White doesn't succeed to neutralize black's initiative after} 31. Bd4+ {
as well:} Kh7 32. b4 Nd3 33. b5 Rxd4 $1 34. Qxd4 Rd8 35. b6 Qxc6 36. b7 Rxd4
37. b8=Q Rd7 $19) 31... Kh6 {Very good prophylactic move. After black moved
his king to safe place he is ready for decisive actions.} 32. Rxd8 Rxd8 33. Rd1
{White's idea is correct- usually the trades weaken the initiative of the
opponent. But in this particular case, black will remain with three active
pieces against vulnerable white monarch.} Rxd1+ 34. Nxd1 Nd3 35. Bd4 ({White
doesn't equalize after} 35. b4 Nxf2 36. Nxf2 Qe5 37. Qe2 Qa1+ 38. Qd1 Qc3 39.
b5 Be3 $17) 35... Qg3 36. Bf2 $2 {It is already decisive mistake.} ({More
resistant was} 36. Qc3 Bf4 37. Kf1 Bc7 $17) 36... Nxf2 37. Nxf2 Be3 38. Qe2 Bb6
$19 {Now white's position is paralyzed, so black can easily win white's
queenside pawns. Here we got a typical example, where Q+B are much better than
Q+N.} 39. Kf1 Qd6 $1 40. Qc2 Qf4 $1 41. Ke1 Qh2 $1 {Black made very successful
maneouvres with queen, and, as the result, he is going to win a lot of material
} 42. Nd1 (42. Kf1 e3 43. Qc4 Kh5 44. Qe2+ Kg5 45. Ne4+ fxe4 46. Qg4+ Kf6 47.
Qxh4+ Ke5 $19) 42... Qg1+ 43. Kd2 Qxg2+ 44. Kc1 Qf1 $1 {with following
e4-e3-e2.} 45. Qc3 e3 46. Qb4 (46. c7 Bxc7 47. Qxc7 e2 $19) (46. Qf6 Qf4 $19)
46... Kh5 47. Qe7 e2 48. Qh7+ Kg5 49. Qe7+ Kf4 50. Qd6+ Kf3 0-1

[Event "Bundesliga 0304"]
[Site "Germany"]
[Date "2004.03.28"]
[Round "13.5"]
[White "Schmaltz, Roland"]
[Black "Siebrecht, Sebastian"]
[Result "1-0"]
[WhiteElo "2519"]
[BlackElo "2435"]
[Annotator "Erenburg,S"]
[PlyCount "67"]
[EventDate "2003.11.01"]
[EventType "team-tourn"]
[EventRounds "15"]
[EventCountry "GER"]
[SourceTitle "CBM 100"]
[Source "ChessBase"]
[SourceDate "2004.06.01"]
[SourceVersion "1"]
[SourceVersionDate "2004.06.01"]
[SourceQuality "1"]
[WhiteTeam "Baden Oos"]
[BlackTeam "Katernberg"]
[WhiteTeamCountry "GER"]
[BlackTeamCountry "GER"]

1. e4 g6 2. d4 Bg7 3. Nc3 c6 4. Nf3 d6 5. h3 b5 6. Be3 {White tried also} (6.
Bd3 {1-0 Van der Weide,K-Piket,J/Rotterdam 1998/CBM 66/[Yudasin,L] (24)}) 6...
a6 {Black has the following option as well:} (6... Nd7 {1-0 Svidler,
P-Shchekachev,A/France 2003/CBM 95/[Avrukh,B] (39)}) 7. Qd2 {White continues
to develop his pieces and, at the same time, he gets an option of trading his
dark-sqaured bishop with Bh6 after black plays Nf6.} Nd7 8. Bd3 e5 9. O-O Ngf6
10. dxe5 {White decided not to give black the resource of exd4.} ({Less
accurate is} 10. a4 {, in view of} b4 11. Ne2 exd4 $13 {[%cal Gc6c5,Yc8b7]})
10... dxe5 11. a4 $1 {Now white is emphasizing the defect of black's pawn
structure on the queenside. Black's pawns are located on the light squares,
that makes his light-squared bishop very passive.} Bb7 12. Rfd1 O-O 13. Ne2 $1
{Typical manouevre for Pirc defence. White's knight frustrated on c3 to
develop the initiative on the queenside. Now white transfers it to g3, and, at
the same time he gets the possibility to push forward his "c" pawn.} Qe7 14.
Ng3 $146 {New move. In the previous game white continued with} (14. b4 Rfd8 15.
Ng3 Bf8 16. c3 bxa4 17. Qc2 c5 18. Rxa4 cxb4 19. cxb4 $14 {1-0 Asmundsson,
I-Thorarinsson,P/Reykjavik 2001/EXT 2002 (29)}) 14... Rfe8 $6 {I think that
black's rook is misplaced on e8.} ({Even worse is} 14... b4 $6 15. Bc4 c5 16.
Qd6 $16) ({Comes to consideration} 14... Rfd8 15. b4 $14 {-see 14.b4 variation.
}) 15. b4 $1 $14 {White has succeeded to get an advantage after the opening.
He has fixed black's pawns on the queenside, thus, he got some space advantage.
Black has to solve his main problem - the passive light-squared bishop.} Rad8
$6 {Another inaccurate move. Black should solve the problem of his queenside
pawns as soon as possible.} ({Better was} 15... bxa4 $1 16. Rxa4 (16. c4 c5 $14
{/=}) 16... c5 17. Rb1 $14 {but white's chances are still better, thanks to
the pressure on the black pawn a6.}) 16. c4 c5 (16... bxa4 {is met by the
strong} 17. c5 $1 {limiting the possibilities of the light-squared bishop even
more.} a5 18. Rxa4 $16) (16... bxc4 {doesn't change the evaluation of position.
} 17. Bxc4 c5 (17... Nb6 18. Qa2 Nxc4 19. Qxc4 $16) 18. Ng5 $1 Rf8 19. bxc5 h6
(19... Nxc5 20. Bxc5 Qxc5 21. Bxf7+ Kh8 22. Qxd8 $18) 20. Qd6 $1 $16) 17. cxb5
cxb4 ({After} 17... axb5 {white gets quite an obvious advantage in the
following way:} 18. axb5 cxb4 19. Ra7 Rb8 20. Rb1 Bf8 21. Bc4 $16) 18. bxa6 Ba8
19. Bb5 $1 {The most precise move. White doesn't want to give black any chance.
} ({But} 19. Rac1 {was strong enough as well.} Bf8 20. Qc2 $16) 19... Nf8 ({
The most principal} 19... Bxe4 {didn't help black:} 20. Nxe4 Nxe4 21. Qc2 (21.
Qxd7 $6 Rxd7 22. Rxd7 Qe6 23. a7 Ra8 $13) 21... Nc3 22. a7 $1 (22. Bg5 f6 $15)
22... Nxd1 23. Rxd1 {[%cal Ga7a8]} Nf6 24. Bxe8 Rxe8 25. Qc6 Qf8 26. Bc5 $18)
20. Qb2 Nxe4 {sacrificing the exchange.} (20... Rxd1+ {doesn't make black's
life easier:} 21. Rxd1 Rc8 22. Rb1 $16) 21. Bxe8 Rxe8 22. Nxe4 Bxe4 23. Nd2 Bd3
24. Nb3 e4 $2 {making white's realisation process much easier, as it allows
white to change the dark-squared bishops.} ({More resistant was} 24... Bxa6 25.
Bc5 Qh4 26. Rd6 $1 $16) 25. Bd4 Bxd4 26. Nxd4 Bxa6 27. Nc2 (27. Nc6 $18 {
was strong enough as well.}) 27... Bd3 ({Black cannot save the pawn:} 27... Rb8
28. Ne3 $1 $18 {[%cal Ge3d5]}) 28. Nxb4 $18 {Now white is an exchange up,
while black doesn't have any compensation... The rest is a matter of an easy
technique.} Bc4 29. Qc3 Be6 30. a5 Nd7 31. Nc6 Qg5 32. Qe3 Qb5 33. Nd4 Qb8 $2 {
blundering another piece. Anyway, black's position was hopeless...} (33... Qe5
34. a6 $18) 34. Nxe6 1-0

[Event "Mataro GM 1st"]
[Site "Mataro"]
[Date "2005.01.02"]
[Round "6"]
[White "Barrientos Chavarriaga, Sergio E"]
[Black "Comas Fabrego, Luis"]
[Result "1/2-1/2"]
[WhiteElo "2435"]
[BlackElo "2509"]
[Annotator "Erenburg,S"]
[PlyCount "85"]
[EventDate "2004.12.26"]
[EventType "tourn"]
[EventRounds "9"]
[EventCountry "ESP"]
[EventCategory "9"]
[SourceTitle "CBM 106"]
[Source "ChessBase"]
[SourceDate "2005.06.06"]
[SourceVersion "1"]
[SourceVersionDate "2005.06.06"]
[SourceQuality "1"]

1. e4 d6 2. d4 g6 3. Nc3 Bg7 4. Nf3 a6 5. Be3 b5 6. Bd3 Nd7 {Black prepares to
attack white's centre with c7-c5 in some moment... It is possible to start a
development of the queenside from fianchetting the light-squared bishop:} (6...
Bb7 {---> 0-1 Shirov,A-Azmaiparashvili,Z/Dubai 2002/CBM 089/[Finkel,A] (41)})
7. O-O {Other possibilites are:} (7. h4 {---> 1/2-1/2 Bruzon Bautista,L-Franco
Ocampos,Z/Linares 2001/CBM 081/[Finkel,A] (34)}) (7. Ne2 $6 c5 8. c3 Ngf6 $10 {
---> 0-1 Movsziszian,K-Azmaiparashvili,Z/Dortmund 1992/CBM 029/[Stohl] (32)}) (
7. e5 {---> 1-0 Anand,V-Svidler,P/Linares 1998/CBM 064/[Hansen,Cu] (42)}) 7...
Bb7 8. a4 {Black's king is still in the centre, that's why white is looking to
open up the game.} b4 9. Ne2 Ngf6 10. Ng3 (10. e5 {isn't good for white:} dxe5
11. dxe5 Ng4 $132) 10... O-O 11. c3 {opening the "b" file.} bxc3 12. bxc3 c5 {
attacking white's centre.} 13. a5 $1 {fixing black's "a" pawn on a6.} Qc7 14.
Qe2 $146 {New move. In the previous game white continued} (14. h3 d5 $6 (14...
e6 $142) 15. e5 Ne4 16. Bxe4 dxe4 17. Ng5 h6 18. N5xe4 $16 {1-0 Salaun,
Y-Dunnington,A/Cannes 1992/TD (26)}) 14... e6 15. Nd2 {improving the position
of the knight.} h5 {trying to emphasize the background in location of white's
kingside knight.} 16. Rfb1 Rab8 $2 {Black sacrificed the pawn, while, it is
not so clear if he will get any compensation...} (16... h4 17. Ngf1 h3 18. g3
$14 {and black's h3 pawn is very weak.}) ({Black should have prefered} 16...
Ng4 $1 17. Ra2 (17. Bg5 cxd4) 17... Nxe3 18. fxe3 h4 19. Ngf1 h3 20. g3 f5 $13)
17. Bxa6 Ba8 18. Rxb8 Rxb8 19. h4 $2 {absolutely not to the point. This move
weakens g4 square, as well as allows black to eliminate dark-squared bishop.} (
19. Bd3 Ng4 20. Ngf1 Rb2 $14) (19. f3 $1 {strengthening the e4 pawn, and, at
the same time, saving an important dark-squared bishop on the board.} h4 20.
Ngf1 $16) 19... Ng4 $1 {eliminating white's dark-squared bishop.} 20. Ngf1 cxd4
21. cxd4 (21. Bxd4 {is met by} e5) 21... Nxe3 22. fxe3 (22. Qxe3 $2 Qa7 $17)
22... Nf6 $1 {attacking the e4 pawn, and intending to bring the knight to g4.}
23. Bd3 Qc3 $44 {Black's compensation is strong enough, thanks to white's
pieces passivity.} 24. Ra4 (24. Ra2 Bh6 (24... Rb2 25. Rxb2 Qxb2 26. a6) 25. a6
Kg7 26. a7 $13) 24... Bh6 $1 25. a6 Kg7 $1 {Good prophylactic move. White
hasn't any concrete plan to improve his position, therefore, black moves his
king to safer position.} 26. Rc4 Qa1 27. Rc7 Ng4 28. Nc4 Qc1 $1 {[%cal Yh6e3,
Gd6d5] creating many threats.} 29. Qf3 (29. a7 Rf8 30. Re7 d5 31. exd5 Bxd5 $44
) 29... Rf8 30. Qg3 $2 {overlooking 30...Bxe3...} ({Better was} 30. Rd7 d5 31.
Nd6 Bxe3+ 32. Kh1 Nf2+ 33. Kg1 (33. Kh2 Bf4+) 33... Nxd3+ 34. Qxe3 Qc6 35. Ng3
Qxd7 36. Nxh5+ gxh5 37. Qg5+ $11) 30... d5 $2 {missing something more
attractive:} (30... Bxe3+ $1 31. Ncxe3 (31. Kh1 Nf2+ 32. Kg1 Bxd4 $19) 31...
Qxc7 $17) 31. exd5 exd5 32. Nd6 $2 {again overlooking black's tactical
resources...} ({Better is} 32. Qd6 {[%cal Yd6g6]} Kg8 33. Ne5 Bxe3+ 34. Kh1
Nf2+ 35. Kh2 Ng4+ (35... Bf4+ 36. Kg1 Qa1 37. Bxg6 Nh3+ 38. gxh3 Qxd4+ 39. Kg2
Qxe5 40. Bxf7+ Rxf7 41. Rc8+ Kg7 42. Qxe5+ Bxe5 43. Rxa8 $14) 36. Kh1 $11)
32... Bxe3+ $1 (32... Qxc7 $4 33. Nf5+ $18) 33. Qxe3 (33. Kh1 Qd1 $17) 33...
Qxc7 34. Ne8+ Rxe8 35. Qxe8 Qf4 {attacking the d4 pawn.} 36. Qa4 Bc6 {driving
away the queen from the fourth rank.} (36... Qf2+ {was winning:} 37. Kh1 Qxh4+
38. Kg1 Qf2+ 39. Kh1 h4 $19) 37. Qa1 ({White is hopeless after} 37. Qxc6 Qxd4+
38. Kh1 Qxd3 39. Kg1 Qd4+ 40. Kh1 Nf2+ 41. Kh2 Qxh4+ 42. Kg1 Qd4 $19) 37...
Qf2+ 38. Kh1 Qxh4+ 39. Kg1 Qf2+ 40. Kh1 Qh4+ 41. Kg1 Qf2+ 42. Kh1 Qf4 ({
It looks like black was in a serious time trouble, otherwise, he would win the
game after} 42... h4 43. Qc1 (43. a7 h3 44. gxh3 Qf3+ 45. Kg1 Nf2 $19) 43...
Qxd4 44. Bxg6 (44. Be2 Ne5 $19) 44... h3 45. gxh3 Ne5 46. Bc2 Qh4 $19) 43. Kg1
1/2-1/2

[Event "Dortmund 5th-8th"]
[Site "Dortmund"]
[Date "2004.07.30"]
[Round "4"]
[White "Rublevsky, Sergei"]
[Black "Bologan, Viktor"]
[Result "1-0"]
[WhiteElo "2686"]
[BlackElo "2663"]
[Annotator "Erenburg,S"]
[PlyCount "63"]
[EventDate "2004.07.29"]
[EventType "k.o."]
[EventRounds "4"]
[EventCountry "GER"]
[SourceTitle "CBM 103"]
[Source "ChessBase"]
[SourceDate "2004.11.11"]
[SourceVersion "1"]
[SourceVersionDate "2004.11.11"]
[SourceQuality "1"]

1. e4 g6 2. d4 d6 3. Nc3 c6 4. f4 d5 5. e5 {increasing space advantage. On the
other hand, black gets some important light squares. White has the following
alternatives:} (5. Nf3 $5 {1/2-1/2 Jakovenko,D-Akopian,V/Ekaterinburg 2002/CBM
90/[Finkel,A] (58)}) (5. h3 $5 {1-0 Plaskett,J-McNab,C/Southend 1999/CBM 71/
[Finkel,A] (33)}) 5... Nh6 {intending to occupy the f5 square as soon as
possible. Usually, black first plays h7-h5 and afterware transfers the knight
to f5:} (5... h5 {0-1 Berndt,S-Hickl,J/Germany 2004/[Erenburg] (50)}) 6. Nf3
Bg4 7. Be3 Qb6 {White has got some space advantage on the kingside, and his
centre is quite stabile. Therefore, black needs to create some counterplay.} 8.
Rb1 Nf5 9. Bf2 e6 {Obviously, preparing the breakthrough c6-c5.} 10. Be2 {
continuing to develop the pieces.} c5 11. Na4 Qa5+ 12. c3 Bxf3 ({After} 12...
cxd4 {white keeps his dark-squared bishop on the board, that promises him a
slight edge.} 13. b4 Qc7 14. cxd4 $14) 13. Bxf3 Nxd4 $1 $146 {In this way,
black eliminates one of white's bishops.} ({Worse is} 13... cxd4 $2 14. b4 Qc7
15. cxd4 h5 16. O-O Nd7 17. Rc1 Qb8 18. Nc5 $16 {1-0 Martin Gonzalez,A-Bermejo
Collado,J/Spain 1993/TD (41)}) 14. Bxd4 cxd4 15. b4 $1 {White succeeds to keep
strong centre.} Qc7 $6 {In my opinion, unlogical decision. Black queen can be
attacked on the "c" file. Therefore, I would recommend} (15... Qd8 $142) 16.
cxd4 a5 {getting the b4 square for the bishop. On the other hand, black
weakened the b6 and c5 squares... Maybe black should have prefered} (16... Be7)
17. b5 Bb4+ 18. Kf2 Nd7 19. Rc1 Qd8 20. Qd3 {connecting the rooks.} g5 $2 {
Black not only weakens the kingside, that was the only safe place for the
monarch, but also allows white to invade into the 7-th rank with the rook.
More logical was to secure the position of the monarch:} (20... O-O $1 $14 21.
h4 $141 f6 22. h5 g5 $1 $132) 21. fxg5 Qxg5 22. Rc7 $1 $32 Nxe5 $2 {looks like
desperation. More to the point was} (22... Rb8 23. Rhc1 (23. b6 $5) 23... f6
24. Rc8+ Ke7 25. exf6+ Qxf6 26. Rxb8 Rxb8 27. Qxh7+ Kd8 $14) 23. dxe5 Qxe5 24.
Rhc1 $18 {White is a piece up without any counterchances for the second player.
The position of black's king is much more vulnerable than the position of his
counterpart.} Rd8 (24... O-O 25. Nb6 $18) (24... Bd6 25. Rc8+ $18 (25. Rxb7 $18
)) 25. Qe3 $1 Qxh2 26. Qg5 $1 {[%cal Yc7f7,Gf3h5] preventing from black the
castle, and threatening with the strike on f7 with following Bh5.} Bd6 (26...
h6 27. Qg7 $18) 27. Rxb7 ({Of course not} 27. Rxf7 $4 Qg3+ $1 28. Qxg3 Bxg3+
29. Kxg3 Kxf7) 27... Rf8 28. Rc2 h6 29. Qf6 Qg3+ 30. Ke2 Bb4 31. Rc1 {covering
the e1 square. Black is in zugzwang...} Ba3 32. Rcc7 {with inevitable mate.}
1-0